| 000 | 00542cam a2200193ua 4500 | ||
|---|---|---|---|
| 001 | 2219 | ||
| 005 | 20260515113448.0 | ||
| 008 | 110802n ii |||gr||||Z||||||eng | ||
| 020 | _a81-7024-556-7 | ||
| 040 | _cMAIN | ||
| 100 | 1 |
_aSiddiqui, Mujibul Hasan , _eAuthor. |
|
| 245 | 1 |
_aResearch in teaching of literature _ced. by Mujibul Hasan Siddiqui |
|
| 250 | _a1st. | ||
| 260 |
_aNew Delhi: _bAshish publishing house,993. |
||
| 300 |
_avi; 1191p: _c23cm. |
||
| 653 | _aEducation | ||
| 653 | _aResearch in teaching of literature | ||
| 942 | _cBK | ||
| 999 |
_c2085 _d2085 |
||